Interior decorating (Record no. 47216)

MARC details
000 -LEADER
fixed length control field 00408nam a2200121 a 4500
008 - FIXED-LENGTH DATA ELEMENTS--GENERAL INFORMATION
fixed length control field 120416s1956 xx |||||||||||||| || u
050 ## - LIBRARY OF CONGRESS CALL NUMBER
Classification number NK 2395 Mil
100 ## - MAIN ENTRY--PERSONAL NAME
Personal name Miller, Duncan
245 10 - TITLE STATEMENT
Title Interior decorating
260 ## - PUBLICATION, DISTRIBUTION, ETC.
Date of publication, distribution, etc. [1956]
350 ## - PRICE (NR) (BK AM CF MU VM SE) [OBSOLETE]
Price 0.00
995 ## - RECOMMENDATION 995 [LOCAL, UNIMARC FRANCE]
-- 0.00
-- CBU-MAIN LIBRARY (Kitwe)
-- 1
-- 0.00
-- 1
-- AVAILABLE
-- Annex Low-Usage Collection
Holdings
Withdrawn status Lost status Source of classification or shelving scheme Damaged status Not for loan Home library Current library Shelving location Date acquired Total Checkouts Full call number Barcode Date last seen Price effective from Koha item type
          CBU-MAIN LIBRARY, KITWE. CBU-MAIN LIBRARY, KITWE.   11/30/2022   NK 2395 Mil 010363 11/30/2022 11/30/2022 MONOGRAPH